Macroeconomía básica : (Registro nro. 8461)
[ vista simple ]
| 000 -LEADER | |
|---|---|
| fixed length control field | 02855nam a2200289Ia 4500 |
| 003 - CONTROL NUMBER IDENTIFIER | |
| control field | OSt |
| 005 - DATE AND TIME OF LATEST TRANSACTION | |
| control field | 20210903090600.0 |
| 008 - FIXED-LENGTH DATA ELEMENTS--GENERAL INFORMATION | |
| fixed length control field | 210310s2012 ck ad fr 000 0dspa d |
| 020 ## - INTERNATIONAL STANDARD BOOK NUMBER | |
| International Standard Book Number | 9789587620498 |
| 040 ## - CATALOGING SOURCE | |
| Original cataloging agency | CO-JMCR |
| Transcribing agency | CO-JMCR |
| 041 0# - LANGUAGE CODE | |
| Language code of text/sound track or separate title | spa |
| 082 04 - DEWEY DECIMAL CLASSIFICATION NUMBER | |
| Classification number | 339 / |
| Item number | V297m |
| Edition number | 23 |
| 100 1# - MAIN ENTRY--PERSONAL NAME | |
| Personal name | Vargas Valbuena, Martha Alicia, |
| 9 (RLIN) | 17340 |
| Relator term | autora |
| 245 10 - TITLE STATEMENT | |
| Title | Macroeconomía básica : |
| Remainder of title | con indicadores económicos / |
| Statement of responsibility, etc. | Martha Alicia Vargas Valbuena |
| 250 ## - EDITION STATEMENT | |
| Edition statement | Primera edición |
| 260 ## - PUBLICATION, DISTRIBUTION, ETC. | |
| Place of publication, distribution, etc. | Bogotá : |
| Name of publisher, distributor, etc. | Ediciones de la U, |
| Date of publication, distribution, etc. | 2012 |
| 300 ## - PHYSICAL DESCRIPTION | |
| Other physical details | 205 páginas : |
| Extent | ilustraciones y gráficas a blanco y negro ; |
| Dimensions | 24 cm. |
| 490 0# - SERIES STATEMENT | |
| Series statement | Economía |
| 500 ## - GENERAL NOTE | |
| General note | Incluye notas a pie de página y datos biográficos de la autora. |
| 504 ## - BIBLIOGRAPHY, ETC. NOTE | |
| Bibliography, etc. note | Bibliografía: páginas 203-205 |
| 505 0# - FORMATTED CONTENTS NOTE | |
| Formatted contents note | La economía: planeta Tierra y especie humana -- Efectos económicos de las interacciones entre el planeta Tierra y la especie humana -- Macroeconomía -- Determinación de las principales macromagnitudes o agregados -- Los agentes económicos y su influencia -- Nivel general de precios, tasas e inflación y ciclos económicos -- La producción de un país como agregado básico -- Cuantificación y crecimiento de la producción -- Limitaciones de la macroeconomía -- Políticas macroeconómicas -- Cómo leer e interpretar la economía -- Comparativo de los hechos o categorías económicas |
| 520 3# - SUMMARY, ETC. | |
| Summary, etc. | Mi experiencia docente de más de 20 años, me ha mostrado la necesidad de considerar la funcionalidad de los conocimientos y por ende la didáctica de las disciplinas, haciendo entendibles los temas y sus relaciones; por tal razón este documento, más que mostrar la historia de las teorías, el diseño de modelos y los postulados de los grandes pensadores, se limitará a dar las pautas para conocer y comprender el funcionamiento de la Economía de manera elemental, permitiendo la asimilación de los temas.<br/>Para lograr este cometido se utilizará en lo posible un lenguaje sencillo, claro y descriptivo, así como fotografías, gráficas, diagramas, tablas y figuras que enriquezcan los contenidos y faciliten la comprensión de los mismos.<br/>Propongo un nuevo método de ver o estudiar la economía, reorganizando los contenidos y dándoles una secuencia lógica, la cual se basa en las preguntas y dudas más recurrentes de los estudiantes de las distintas universidades de Bogotá en las que he prestado mis servicios; en algunos temas y a propósito, se repetirán conceptos, para reforzar el aprendizaje.<br/>Así mismo, al inicio de cada capitulo se plantean las competencias a obtener con su lectura y al final se proponen actividades para verificar los aprendizajes logrados. |
| 650 14 - SUBJECT ADDED ENTRY--TOPICAL TERM | |
| Topical term or geographic name entry element | Macroeconomía |
| 9 (RLIN) | 17342 |
| 650 24 - SUBJECT ADDED ENTRY--TOPICAL TERM | |
| Topical term or geographic name entry element | Agentes económicos y su influencia |
| 9 (RLIN) | 39943 |
| 650 24 - SUBJECT ADDED ENTRY--TOPICAL TERM | |
| Topical term or geographic name entry element | Principales macromagnitudes |
| 9 (RLIN) | 39944 |
| 942 ## - ADDED ENTRY ELEMENTS (KOHA) | |
| Source of classification or shelving scheme | Dewey Decimal Classification |
| Koha item type | Books |
| Withdrawn status | Lost status | Source of classification or shelving scheme | Damaged status | Not for loan | Collection code | Home library | Current library | Date acquired | Source of acquisition | Total Checkouts | Total Renewals | Full call number | Barcode | Date last seen | Date last checked out | Copy number | Koha item type |
|---|---|---|---|---|---|---|---|---|---|---|---|---|---|---|---|---|---|
| Dewey Decimal Classification | Non-fiction | Biblioteca Pública José María del Castillo y Rada | Biblioteca Pública José María del Castillo y Rada | 04/15/2018 | Donación | 2 | 2 | 339 / V297m | 430000272 | 02/26/2026 | 02/26/2026 | Ej.1 | Books |